Logo BPK

Biblioteka

Politechniki Koszalińskiej

Nieuczciwa konkurencja : (Rekord nr 36144)

Szczegóły MARC
000 -ETYKIETA REKORDU
podpole kontrolne o stałej długości 00748nam a2200229 i 4500
001 - NUMER KONTROLNY REKORDU
pole kontrolne bg
020 ## - MIĘDZYNARODOWY ZNORMALIZOWANY NUMER KSIĄŻKI - ISBN
ISBN 8371591691
040 ## - ŹRÓDŁO KATALOGOWANIA
Instytucja, która utworzyła rekord BPK
041 0# - KOD JĘZYKA
Kod języka tekstu pl
080 ## - UNIWERSALNA KLASYFIKACJA DZIESIĘTNA - UKD
UKD 346.54:347.91/.95:347.77](438)
920 ## - Międzynarodowy znormalizowany numer książki – ISBN
ISBN 83-7159-169-1
008 - POLE O STAŁEJ DŁUGOŚCI - DANE KONTROLNE
podpole kontrolne o stałej długości s pl f |000 0 pol
245 70 - TYTUŁ/ODPOWIEDZIALNOŚĆ
Tytuł Nieuczciwa konkurencja :
Ciąg dalszy tytułu orzecznictwo /
Pozostałe elementy strefy tytułu i oznaczenia odpowiedzialności oprac. Przemysław Kierończyk.
250 ## - STREFA WYDANIA
Oznaczenie wydania Stan prawny na dzień 17 sierpnia 1998 r.
260 ## - STREFA ADRESU WYDAWNICZEGO
Miejsce wydania Sopot :
Nazwa wydawcy/dystrybutora "Lex",
Data publikacji, dystrybucji/powstania dokumentu 1998.
300 ## - STREFA OPISU FIZYCZNEGO
Objętość 243, [1] s.
500 ## - UWAGI OGÓLNE
Tekst uwagi Zbiór zawiera ogłoszone zmiany, które wejdą w życie z dniem 1 stycznia 1999 r.
650 #9 - HASŁO PRZEDMIOTOWE W FORMIE NAZWY OGÓLNEJ LUB JEDNOSTKOWEJ
Nazwa ogólna lub geograficzna Konkurencja
Określnik ogólny prawo
Określnik geograficzny Polska
Określnik chronologiczny 1998 r.
650 #9 - HASŁO PRZEDMIOTOWE W FORMIE NAZWY OGÓLNEJ LUB JEDNOSTKOWEJ
Nazwa ogólna lub geograficzna Orzecznictwo
Określnik geograficzny Polska
Określnik chronologiczny 1998 r.
700 1# - HASŁO DODATKOWE - NAZWA OSOBOWA
Nazwa osobowa KIEROŃCZYK, Przemysław.
Określenie związku między hasłem a opisywanym materiałem Oprac.
856 ## - LOKALIZACJA I DOSTĘP DO ELEKTRONICZNYCH DOKUMENTÓW ZDALNYCH
Link (URL) http://koha.tu.koszalin.pl/cgi-bin/koha/opac-detail.pl?biblionumber=36144
Tekst linku Katalog online BPK
942 ## - DODATKOWE ELEMENTY (KOHA)
Typ dokumentu Książka
Egzemplarze
Wycofany Status egzemplarza Uszkodzony Dostępność Lokalizacja stała Lokalizacja bieżąca Miejsce przechowywania Sygnatura Kod kreskowy Dział Typ dokumentu
      Tylko na miejscu Biblioteka Politechniki Koszalińskiej Biblioteka Politechniki Koszalińskiej Czytelnia Wydziałowa ul. Kwiatkowskiego 6e 49783 01435146 347 Prawo cywilne Książka
© 2023 Biblioteka Politechniki Koszalińskiej :: KOHA